Statistics for Fly Cape Town-Reykjavik-Antananarivo: which Countries do you go above?

Click here to take the quiz!

General Stats

  • This quiz has been taken 457 times
  • The average score is 13 of 25

Answer Stats

COUNTRY% Correct
South Africa
99%
Namibia
89%
Angola
86%
Iceland
66%
Gabon
65%
Spain
63%
Algeria
62%
United Kingdom
62%
Ireland
61%
Mali
60%
Nigeria
60%
Niger
59%
Germany
58%
Austria
57%
Netherlands
57%
Italy
53%
Madagascar
47%
Croatia
35%
Kenya
32%
Egypt
30%
Sudan
30%
Comoros
29%
Ethiopia
29%
Libya
25%
Italy
23%

Score Distribution

Percentile by Number Answered

Percent of People with Each Score

Your Score History

You have not taken this quiz